000
00350nam a2200169Ia 4500
100
_a
Jhamb / L.C
250
_a
6
490
_v
I
942
_c
BK
654
_a
Techniques I
245
_a
Quantitative techniques I
260
_b
Everest Pub.House
_a
Mumbai
_c
1998
082
_a
658.4033
_b
JHA
300
_a
739
546
_a
ENGLISH
999
_c
30541
_d
30541